[Event "TUR Cup										"]
[Site "Antalya"]
[Date "2018.01.29"]
[Round "4"]
[White "Eremkere, Mehmet Halil"]
[Black "Gulbeyaz, Emir"]
[Result "0-1"]
[WhiteElo "1748"]
[BlackElo "2087"]
[PlyCount "102"]
[EventDate "2018.01.27"]
[EventType "swiss"]
[EventRounds "11"]
[EventCountry "TUR"]
[SourceTitle "CBM 182 Extra"]
[Source "ChessBase"]
[SourceDate "2018.02.23"]
[SourceVersion "1"]
[SourceVersionDate "2018.02.23"]
[SourceQuality "1"]

1. Nf3 Nf6 2. g3 g6 3. Bg2 Bg7 4. 0-0 0-0 5. c4 d5 6. cxd5 Nxd5 7. d4 Nb6 8. Nc3 Nc6 9. d5 Na5 10. e4 c6 11. Qe1 cxd5 12. Nxd5 Nxd5 13. exd5 Qxd5 14. Qxe7 Nc6 15. Qh4 Qh5 16. Qxh5 gxh5 17. Nh4 Nd4 18. Kh1 Be6 19. Bd2 Rac8 20. Bc3 b5 21. Rfd1 Rfd8 22. Be4 Rb8 23. f4 b4 24. Be1 a5 25. f5 Bc4 26. b3 Be2 27. Rdc1 Nb5 28. Rc2 Bxa1 29. Rxe2 Nc3 30. Bxc3 bxc3 31. f6 Rd2 32. Re1 Bb2 33. Nf3 Rd6 34. Ng5 Rxf6 35. Nxh7 Re6 36. Ng5 Ree8 37. Rf1 Rxe4 38. Nxe4 c2 39. Nc5 c1Q 40. Rxc1 Bxc1 41. Nd7 Rd8 42. Nf6+ Kf8 43. Nxh5 Rd1+ 44. Kg2 Rd2+ 45. Kg1 Rxa2 46. Nf6 Rb2 47. h4 Rxb3 48. Kg2 a4 49. h5 a3 50. Nd7+ Kg7 51. Nc5 Rb2+ 0-1

[Event "TUR Cup"]
[Site "Antalya"]
[Date "2017.01.29"]
[Round "2"]
[White "Tasdogen, Dincer"]
[Black "Eremkere, Mehmet Halil"]
[Result "1-0"]
[WhiteElo "2122"]
[BlackElo "1752"]
[PlyCount "109"]
[EventDate "2017.01.28"]
[EventType "swiss"]
[EventRounds "11"]
[EventCountry "TUR"]
[SourceTitle "CBM 176 Extra"]
[Source "ChessBase"]
[SourceDate "2017.03.02"]
[SourceVersion "1"]
[SourceVersionDate "2017.03.02"]
[SourceQuality "1"]

1. e4 e5 2. Nf3 Nc6 3. d4 exd4 4. Nxd4 Nf6 5. Nxc6 bxc6 6. e5 Ne4 7. Qf3 Nc5 8. Bc4 Ne6 9. Bxe6 fxe6 10. 0-0 Qe7 11. Nc3 Qf7 12. Qg3 d5 13. exd6 Bxd6 14. Qh4 0-0 15. Be3 Rb8 16. Rab1 Rb4 17. Qg5 e5 18. f3 h6 19. Qg3 e4 20. f4 Bf5 21. b3 Qf6 22. Ne2 c5 23. c4 Rbb8 24. Rbd1 a5 25. Qf2 Qe7 26. Nc3 Bd7 27. Nd5 Qe6 28. Bxc5 a4 29. b4 Bc6 30. a3 Bxd5 31. Rxd5 Rbe8 32. Qe3 Rf5 33. Rxf5 Qxf5 34. Bxd6 cxd6 35. Rd1 Qc8 36. c5 dxc5 37. bxc5 Qc6 38. h3 Re6 39. Rd4 Kh7 40. Rb4 Re8 41. Rb6 Qd5 42. Rd6 Qc4 43. Kh2 Qc2 44. f5 Re5 45. f6 Rg5 46. Rd2 Qxc5 47. Qxc5 Rxc5 48. Rd7 Re5 49. Rxg7+ Kh8 50. Re7 Ra5 51. Re8+ Kh7 52. f7 Rf5 53. f8Q Rxf8 54. Rxf8 Kg6 55. Rf4 1-0

[Event "Manavgat Turkey Cup"]
[Site "Manavgat"]
[Date "2016.02.04"]
[Round "8"]
[White "Eremkere, Mehmet Halil"]
[Black "Can, Furkan"]
[Result "0-1"]
[WhiteElo "1762"]
[BlackElo "1595"]
[PlyCount "156"]
[EventDate "2016.01.30"]
[EventType "swiss"]
[EventRounds "11"]
[EventCountry "TUR"]
[SourceTitle "CBM 170 Extra"]
[Source "ChessBase"]
[SourceDate "2016.02.25"]
[SourceVersion "1"]
[SourceVersionDate "2016.02.25"]
[SourceQuality "1"]

1. d4 d5 2. c4 c6 3. Nc3 Nf6 4. Nf3 dxc4 5. a4 Bf5 6. Nd2 e6 7. e3 Bb4 8. Bxc4 0-0 9. 0-0 Nbd7 10. Na2 Bd6 11. f3 Qc7 12. g4 Bxh2+ 13. Kh1 Bg6 14. f4 Bg3 15. Qf3 Bh4 16. Qh3 Nb6 17. Qxh4 Nxc4 18. Nxc4 Bd3 19. Nd2 Bxf1 20. Nxf1 c5 21. g5 Ne4 22. Nc3 Qc6 23. d5 exd5 24. Nxe4 dxe4 25. Bd2 Rad8 26. Bc3 Rd5 27. Ng3 Rfd8 28. Nh5 Rd1+ 29. Rxd1 Rxd1+ 30. Kg2 Qa6 31. Qf2 Qd3 32. f5 Rc1 33. Nf4 Qd1 34. Kg3 Rc2 35. Qxc2 Qxc2 36. Ng2 Qd1 37. f6 Qf3+ 38. Kh2 Qh5+ 39. Kg1 gxf6 40. Bxf6 h6 41. gxh6 Qxh6 42. Bc3 Qc6 43. a5 Qg6 44. Kf2 Qg4 45. Ne1 f5 46. Bd2 Qh3 47. Ke2 Qh2+ 48. Kd1 Qf2 49. Bc1 f4 50. exf4 e3 51. Nd3 Qf1+ 52. Kc2 Qe2+ 53. Kc3 c4 54. Kxc4 Qc2+ 55. Kd4 e2 56. Be3 Qxd3+ 57. Kxd3 e1Q 58. Bxa7 Qxa5 59. Bd4 Qf5+ 60. Ke3 Kf7 61. Be5 Ke6 62. Kd4 Qc2 63. Ke3 Kd5 64. Kf3 Qd3+ 65. Kg4 Ke4 66. Kg5 Qd7 67. Kf6 b5 68. Kg6 b4 69. Kf6 b3 70. Kg6 Qf5+ 71. Kh6 Qxe5 72. fxe5 Kxe5 73. Kg5 Ke4 74. Kg4 Kd3 75. Kf3 Kc2 76. Ke3 Kxb2 77. Kd2 Kb1 78. Kd1 b2 0-1

[Event "Manavgat Turkey Cup"]
[Site "Manavgat"]
[Date "2016.02.02"]
[Round "6"]
[White "Eremkere, Mehmet Halil"]
[Black "Daghan, Devran"]
[Result "1/2-1/2"]
[WhiteElo "1762"]
[BlackElo "2004"]
[PlyCount "133"]
[EventDate "2016.01.30"]
[EventType "swiss"]
[EventRounds "11"]
[EventCountry "TUR"]
[SourceTitle "CBM 170 Extra"]
[Source "ChessBase"]
[SourceDate "2016.02.25"]
[SourceVersion "1"]
[SourceVersionDate "2016.02.25"]
[SourceQuality "1"]

1. d4 Nf6 2. c4 g6 3. Nc3 Bg7 4. e4 d6 5. Nf3 0-0 6. Be2 e5 7. dxe5 dxe5 8. Qxd8 Rxd8 9. Bg5 Re8 10. Nd5 Nxd5 11. cxd5 c6 12. 0-0-0 cxd5 13. Bb5 Bd7 14. Rxd5 Rc8+ 15. Kb1 Be6 16. Rd6 a6 17. Rhd1 h6 18. Rd8+ Rxd8 19. Rxd8+ Kh7 20. Be7 axb5 21. Bd6 Bxa2+ 22. Kc2 Ra6 23. Bxb8 Rc6+ 24. Kd2 Bb3 25. Ke3 f6 26. Rd7 h5 27. Nxe5 Rc8 28. Rxb7 fxe5 29. Bxe5 Rg8 30. Bxg7 Rxg7 31. Rxb5 Bc4 32. Rc5 Bf1 33. f4 Bxg2 34. Rc2 Bh3 35. b4 Rb7 36. Rb2 Bd7 37. Kd4 Kg7 38. Kc5 Bb5 39. h4 Bd3 40. e5 Kf7 41. Rd2 Rd7 42. Rb2 Ke6 43. b5 Be4 44. b6 Kf5 45. Rb4 Rd5+ 46. Kc4 Rd7 47. Kc5 Bb7 48. Rd4 Rxd4 49. Kxd4 Ke6 50. Kc5 Kd7 51. Kb5 Ke7 52. Kc5 Ke6 53. Kc4 Bg2 54. Kb5 Kd7 55. Ka6 Kc8 56. Ka7 Bd5 57. Ka6 Kb8 58. Kb5 Kb7 59. Kc5 Bc6 60. e6 Ba4 61. Kd6 Kxb6 62. Ke7 Kc7 63. Kf7 Kd6 64. Kxg6 Kxe6 65. f5+ Ke5 66. Kxh5 Kxf5 67. Kh6 1/2-1/2

[Event "Manavgat Turkey Cup"]
[Site "Manavgat"]
[Date "2015.02.04"]
[Round "7"]
[White "Eremkere, Mehmet Halil"]
[Black "Demirtas, Sinan"]
[Result "1-0"]
[WhiteElo "1759"]
[BlackElo "1558"]
[PlyCount "49"]
[EventDate "2015.01.31"]
[EventType "swiss"]
[EventRounds "11"]
[EventCountry "TUR"]
[SourceTitle "CBM 164 Extra"]
[Source "ChessBase"]
[SourceDate "2015.03.02"]
[SourceVersion "1"]
[SourceVersionDate "2015.03.02"]
[SourceQuality "1"]

1. e4 c5 2. Nf3 Nc6 3. d4 cxd4 4. Nxd4 Nxd4 5. Qxd4 d6 6. Nc3 Nf6 7. Be2 g6 8. Bg5 Bg7 9. Qd2 0-0 10. h4 h5 11. f3 Qb6 12. 0-0-0 Be6 13. Bh6 Rfe8 14. Bxg7 Kxg7 15. g4 hxg4 16. h5 Rh8 17. fxg4 Nxg4 18. Bxg4 Bxg4 19. Nd5 Qa6 20. h6+ Kh7 21. Qg5 Bxd1 22. Qxe7 Rhf8 23. Qf6 Rg8 24. Qxf7+ Kh8 25. Nf6 1-0

[Event "Manavgat Turkey Cup"]
[Site "Manavgat"]
[Date "2015.02.03"]
[Round "5"]
[White "Eremkere, Mehmet Halil"]
[Black "Tasdogen, Dincer"]
[Result "0-1"]
[WhiteElo "1759"]
[BlackElo "1936"]
[PlyCount "100"]
[EventDate "2015.01.31"]
[EventType "swiss"]
[EventRounds "11"]
[EventCountry "TUR"]
[SourceTitle "CBM 164 Extra"]
[Source "ChessBase"]
[SourceDate "2015.03.02"]
[SourceVersion "1"]
[SourceVersionDate "2015.03.02"]
[SourceQuality "1"]

1. e4 c5 2. Nf3 e6 3. d4 cxd4 4. Nxd4 Nf6 5. Nc3 Nc6 6. f3 Bb4 7. Qd3 d5 8. exd5 Nxd5 9. Bd2 Qh4+ 10. g3 Qxd4 11. Nb5 Bxd2+ 12. Kxd2 Qxd3+ 13. Bxd3 a6 14. Nd6+ Ke7 15. Ne4 Rd8 16. a3 Ne5 17. f4 Nxd3 18. cxd3 Bd7 19. Rhe1 Nf6 20. Nc3 g6 21. h3 Bc6 22. g4 Nd5 23. f5 Nxc3 24. bxc3 gxf5 25. gxf5 Rg8 26. Re2 Rg2 27. Rf1 Rxe2+ 28. Kxe2 Rg8 29. Rf4 Rg2+ 30. Kf1 e5 31. Rh4 Rg3 32. Ke2 Bg2 33. Rxh7 Rxh3 34. Rg7 Bf3+ 35. Kd2 Kf6 36. Rg8 Kxf5 37. a4 Bc6 38. Rb8 Kf4 39. c4 f5 40. a5 Rh2+ 41. Kc3 Ke3 42. Rf8 Rh5 43. Rf7 f4 44. c5 f3 45. d4 exd4+ 46. Kb4 f2 47. Re7+ Be4 48. c6 f1Q 49. Rxb7 Qb1+ 50. Ka4 Bc2+ 0-1

[Event "Manavgat Turkey Cup"]
[Site "Manavgat"]
[Date "2015.02.01"]
[Round "2"]
[White "Eremkere, Mehmet Halil"]
[Black "Daghan, Devran"]
[Result "1-0"]
[WhiteElo "1759"]
[BlackElo "1848"]
[PlyCount "149"]
[EventDate "2015.01.31"]
[EventType "swiss"]
[EventRounds "11"]
[EventCountry "TUR"]
[SourceTitle "CBM 164 Extra"]
[Source "ChessBase"]
[SourceDate "2015.03.02"]
[SourceVersion "1"]
[SourceVersionDate "2015.03.02"]
[SourceQuality "1"]

1. e4 e6 2. d4 d5 3. Nc3 dxe4 4. Nxe4 Nd7 5. Nf3 Be7 6. Bd3 b6 7. 0-0 Bb7 8. c3 Ngf6 9. Nxf6+ Nxf6 10. Qa4+ Qd7 11. Bb5 c6 12. Bd3 Bd6 13. Bg5 Nd5 14. Rad1 h6 15. Bc1 0-0 16. Bb1 Qc7 17. Rfe1 c5 18. Qc2 Nf6 19. Ne5 Rfe8 20. Qd3 cxd4 21. cxd4 Rad8 22. Bf4 Ba8 23. Re3 Qb7 24. Rg3 Kf8 25. Qe3 Nd5 26. Qf3 Nxf4 27. Qxf4 Bxe5 28. Qxe5 f6 29. Qh5 Rd5 30. Qh3 Qc6 31. Rgd3 Rh5 32. Qf3 Qxf3 33. gxf3 Rg5+ 34. Kf1 Rd8 35. a3 Bd5 36. Rc3 Rh5 37. Kg2 e5 38. Be4 Bxe4 39. fxe4 exd4 40. Rcd3 Rc5 41. Rxd4 Rxd4 42. Rxd4 Ke7 43. Rd2 a5 44. h4 g5 45. hxg5 fxg5 46. Kg3 Rc4 47. f3 Rc6 48. Kg4 Ke6 49. Rd5 a4 50. Rb5 Kf7 51. Rb4 Rf6 52. Rxa4 Rf4+ 53. Kg3 h5 54. Ra7+ Kg6 55. Rd7 h4+ 56. Kg2 Rf6 57. a4 h3+ 58. Kg3 h2 59. Rd1 Rc6 60. Rh1 Rc4 61. Rxh2 Rxa4 62. Kg4 Rb4 63. Rc2 Rb5 64. Rc6+ Kf7 65. Rc2 Kg6 66. Rd2 Kf7 67. Rd5 Rxb2 68. Kxg5 b5 69. Kf5 Ke7 70. Ke5 b4 71. Rb5 b3 72. Rb7+ Kd8 73. f4 Rb1 74. f5 b2 75. f6 1-0

[Event "Kemer Turkey Cup"]
[Site "Kemer"]
[Date "2014.02.04"]
[Round "5"]
[White "Ozen, Deniz"]
[Black "Eremkere, Mehmet Halil"]
[Result "1-0"]
[WhiteElo "1904"]
[BlackElo "1747"]
[PlyCount "85"]
[EventDate "2014.02.01"]
[EventType "swiss"]
[EventRounds "9"]
[EventCountry "TUR"]
[SourceTitle "CBM 158 Extra"]
[Source "ChessBase"]
[SourceDate "2014.02.28"]
[SourceVersion "1"]
[SourceVersionDate "2014.02.28"]
[SourceQuality "1"]

1. e4 c5 2. Nf3 Nc6 3. Bb5 d6 4. 0-0 Bd7 5. Re1 Qc7 6. c3 g6 7. d4 Bg7 8. Be3 cxd4 9. cxd4 Nf6 10. Nc3 0-0 11. Rc1 a6 12. Bf1 Qa5 13. d5 Nd8 14. Bd4 Bh6 15. Nd2 b5 16. Rc2 Rc8 17. Nb3 Qc7 18. e5 Ne8 19. Bd3 Qb8 20. Rce2 dxe5 21. Bxe5 Qb7 22. a3 a5 23. Bd4 a4 24. Nc5 Rxc5 25. Bxc5 Bg5 26. Bxe7 Bxe7 27. Rxe7 Qc8 28. Rxd7 Nf6 29. Rd6 Nh5 30. Qf3 Nb7 31. Rc6 Qd8 32. d6 Nxd6 33. Nxb5 Nxb5 34. Bxb5 Qb8 35. Bxa4 Qxb2 36. Bb3 Ng7 37. Qc3 Qxc3 38. Rxc3 Nf5 39. Rc7 Nd4 40. Ba2 Kg7 41. h4 Nf5 42. a4 Nxh4 43. Rxf7+ 1-0

[Event "Kemer Turkey Cup"]
[Site "Kemer"]
[Date "2014.02.01"]
[Round "1"]
[White "Subasi, Cagrican"]
[Black "Eremkere, Mehmet Halil"]
[Result "0-1"]
[WhiteElo "1584"]
[BlackElo "1747"]
[PlyCount "41"]
[EventDate "2014.02.01"]
[EventType "swiss"]
[EventRounds "9"]
[EventCountry "TUR"]
[SourceTitle "CBM 158 Extra"]
[Source "ChessBase"]
[SourceDate "2014.02.28"]
[SourceVersion "1"]
[SourceVersionDate "2014.02.28"]
[SourceQuality "1"]

1. d4 d5 2. Nf3 Nf6 3. c4 e6 4. Nc3 Be7 5. e3 Nbd7 6. Bd3 dxc4 7. Bxc4 0-0 8. 0-0 c6 9. Bd3 c5 10. Qe2 a6 11. Rd1 Qc7 12. Bd2 b5 13. Rac1 Qb8 14. dxc5 Nxc5 15. e4 Bb7 16. e5 Bxf3 17. Qxf3 Qxe5 18. Bb1 b4 19. Bf4 Qh5 20. Ne2 Qxf3 21. gxf3 0-1

[Event "TUR-ch"]
[Site "Kemer"]
[Date "2012.02.03"]
[Round "8"]
[White "Eremkere, Mehmet Halil"]
[Black "Gundogan, Cem"]
[Result "0-1"]
[WhiteElo "1946"]
[BlackElo "1915"]
[PlyCount "78"]
[EventDate "2012.01.29"]
[EventType "swiss"]
[EventRounds "10"]
[EventCountry "TUR"]
[SourceTitle "CBM 146 Extra"]
[Source "ChessBase"]
[SourceDate "2012.02.29"]
[SourceVersion "1"]
[SourceVersionDate "2012.02.29"]
[SourceQuality "1"]

1. e4 d5 2. exd5 Nf6 3. Nf3 Qxd5 4. Nc3 Qd6 5. Be2 Nc6 6. d4 a6 7. h3 Bf5 8. Be3 0-0-0 9. a3 h6 10. Bd3 e6 11. Qe2 g5 12. 0-0-0 Bxd3 13. Rxd3 Bg7 14. Rhd1 Rhe8 15. Nd2 Nd5 16. Nce4 Qf8 17. Nb3 f5 18. Nec5 f4 19. Bd2 Nxd4 20. Rxd4 Bxd4 21. Nxa6 Bb6 22. Nb4 Nxb4 23. axb4 Qf5 24. Na5 Bxa5 25. bxa5 Qd5 26. a6 b5 27. b3 Rd6 28. Qh5 Red8 29. a7 Kb7 30. Qxh6 Ra6 31. Qg7 e5 32. Qxg5 Ra1+ 33. Kb2 Rxd1 34. Bc3 b4 35. Bxb4 Qd4+ 36. Bc3 Qxa7 37. b4 Qa1+ 38. Kb3 Rb1+ 39. Kc4 Qa2+ 0-1

[Event "TUR-ch"]
[Site "Kemer"]
[Date "2012.01.29"]
[Round "1"]
[White "Ozalp, Burak"]
[Black "Eremkere, Mehmet Halil"]
[Result "1-0"]
[WhiteElo "1957"]
[BlackElo "1946"]
[PlyCount "49"]
[EventDate "2012.01.29"]
[EventType "swiss"]
[EventRounds "10"]
[EventCountry "TUR"]
[SourceTitle "CBM 146 Extra"]
[Source "ChessBase"]
[SourceDate "2012.02.29"]
[SourceVersion "1"]
[SourceVersionDate "2012.02.29"]
[SourceQuality "1"]

1. e4 e5 2. Nf3 d6 3. d4 exd4 4. Nxd4 Nf6 5. Nc3 Be7 6. Be3 a6 7. f3 Nbd7 8. Nf5 0-0 9. Qd2 Ne8 10. Nd5 Bf6 11. 0-0-0 Ne5 12. Be2 Be6 13. g4 Qd7 14. g5 Bd8 15. f4 Nc6 16. Bg4 f6 17. h4 Qf7 18. h5 fxg5 19. fxg5 Ne5 20. g6 hxg6 21. hxg6 Nxg6 22. Qh2 Nh4 23. Nxh4 Bxg4 24. Nf5 Bxf5 25. Qh8# 1-0

[Event "World Amateur-ch"]
[Site "Antalya"]
[Date "2011.10.08"]
[Round "7"]
[White "Eremkere, Mehmet Halil"]
[Black "Moudallal, Tarek"]
[Result "0-1"]
[WhiteElo "1946"]
[BlackElo "1862"]
[PlyCount "118"]
[EventDate "2011.10.01"]
[EventType "swiss"]
[EventRounds "9"]
[EventCountry "TUR"]
[SourceTitle "CBM 144 Extra"]
[Source "ChessBase"]
[SourceDate "2011.10.28"]
[SourceVersion "1"]
[SourceVersionDate "2011.10.28"]
[SourceQuality "1"]

1. e4 d5 2. exd5 Nf6 3. d4 Nxd5 4. Nf3 Bg4 5. Be2 Nc6 6. a3 g6 7. 0-0 Bg7 8. c3 0-0 9. Re1 h6 10. Nbd2 g5 11. Nc4 Re8 12. Nfe5 Bxe2 13. Qxe2 Nxe5 14. Nxe5 Qd6 15. Qf3 Bxe5 16. Rxe5 e6 17. Qh5 Kg7 18. Bd2 Ne7 19. Rf1 Nf5 20. f4 f6 21. Re2 Rh8 22. g4 Nh4 23. f5 exf5 24. gxf5 Qd7 25. Qg4 Rae8 26. Rxe8 Rxe8 27. Be1 Nxf5 28. h4 Qe6 29. hxg5 hxg5 30. Bd2 Nh4 31. Qxe6 Rxe6 32. c4 Kg6 33. Kf2 Re4 34. Bc3 Nf5 35. Kg2 Ne3+ 36. Kf3 Rf4+ 37. Kxe3 Rxf1 38. d5 Rh1 39. c5 Rh8 40. b4 Re8+ 41. Kd3 f5 42. b5 f4 43. Bd4 Kf5 44. a4 g4 45. a5 g3 46. d6 cxd6 47. cxd6 Rd8 48. Bc5 b6 49. axb6 axb6 50. Bxb6 Rxd6+ 51. Bd4 g2 52. Kc3 Rxd4 53. Kxd4 g1Q+ 54. Kd5 f3 55. Kc6 f2 56. b6 f1Q 57. Kb7 Qgg2+ 58. Ka7 Qg7+ 59. b7 Qb5 0-1

[Event "World Amateur-ch"]
[Site "Antalya"]
[Date "2011.10.06"]
[Round "5"]
[White "Eremkere, Mehmet Halil"]
[Black "Oney, Gulumser"]
[Result "1-0"]
[WhiteElo "1946"]
[BlackElo "1748"]
[PlyCount "113"]
[EventDate "2011.10.01"]
[EventType "swiss"]
[EventRounds "9"]
[EventCountry "TUR"]
[SourceTitle "CBM 144 Extra"]
[Source "ChessBase"]
[SourceDate "2011.10.28"]
[SourceVersion "1"]
[SourceVersionDate "2011.10.28"]
[SourceQuality "1"]

1. e4 g6 2. d4 Bg7 3. Nf3 d6 4. Bc4 Nf6 5. Qe2 0-0 6. c3 c6 7. Bb3 c5 8. e5 dxe5 9. dxe5 Ng4 10. h3 Nh6 11. Bg5 Qc7 12. Na3 a6 13. 0-0-0 b5 14. Rhe1 e6 15. Bc2 Nf5 16. g4 Ne7 17. Rd6 Nbc6 18. Red1 h6 19. Bh4 Nd5 20. Bg3 Re8 21. Be4 Nce7 22. c4 bxc4 23. Nxc4 Rb8 24. Qd2 Rb4 25. Qe2 Bd7 26. Nfd2 Reb8 27. a3 R4b7 28. Rxa6 Bb5 29. Rd6 Bf8 30. Qf3 Ba4 31. Re1 Bc6 32. h4 Nc8 33. h5 Nxd6 34. exd6 Qd7 35. Be5 Bg7 36. Bxg7 Kxg7 37. hxg6 f6 38. Rh1 Rh8 39. Re1 Rhb8 40. Rd1 Ba4 41. Rh1 Bc6 42. Rxh6 Rh8 43. Rxh8 Kxh8 44. Bxd5 Bxd5 45. Qxf6+ Kg8 46. Ne3 Qxd6 47. Nf5 Qf8 48. Qe5 Rd7 49. g7 Rxg7 50. Qxg7+ Qxg7 51. Nxg7 Kxg7 52. f4 Kf6 53. Nf1 e5 54. Ne3 Bf3 55. f5 Kg5 56. Kd2 Kf4 57. f6 1-0